LEADER 03741nam 2200673Ia 450 001 9910974347003321 005 20251116221917.0 010 $a1-282-97569-2 010 $a9786612975691 010 $a0-253-00473-X 035 $a(CKB)2560000000051551 035 $a(OCoLC)670430615 035 $a(CaPaEBR)ebrary10421873 035 $a(SSID)ssj0000416126 035 $a(PQKBManifestationID)11253036 035 $a(PQKBTitleCode)TC0000416126 035 $a(PQKBWorkID)10422337 035 $a(PQKB)11097278 035 $a(MiAaPQ)EBC3014851 035 $a(MdBmJHUP)muse1826 035 $a(Au-PeEL)EBL3014851 035 $a(CaPaEBR)ebr10421873 035 $a(CaONFJC)MIL297569 035 $a(BIP)46264771 035 $a(BIP)27742095 035 $a(EXLCZ)992560000000051551 100 $a20091218d2010 uy 0 101 0 $aeng 135 $aurcn||||||||| 181 $ctxt 182 $cc 183 $acr 200 00$aDomestic violence in postcommunist states $elocal activism, national policies, and global forces /$fedited by Katalin Fabian 205 $a1st ed. 210 $aBloomington $cIndiana University Press$dc2010 215 $a1 online resource (385 p.) 300 $aBibliographic Level Mode of Issuance: Monograph 311 08$a0-253-22218-4 311 08$a0-253-35504-4 320 $aIncludes bibliographical references and index. 327 $aIntroduction : the politics of domestic violence in postcommunist Europe and Eurasia / Katalin Fa?bia?n -- Transnational advocacy campaigns and domestic violence prevention in Ukraine / Alexandra Hrycak -- Global feminism, foreign funding, and Russian writing about domestic violence / Janet Elise Johnson and Gulnara Zaynullina -- Balancing acts : women's NGOs combating domestic violence in Kazakhstan / Edward Snajdr -- From Soviet liberation to post-Soviet segregation : women and violence in Tajikistan / Muborak Sharipova and Katalin Fa?bia?n -- The politics of awareness : making domestic violence visible in Poland / Thomas Chivens -- Domestic violence against women : when practice creates legislation in Slovenia / Sonja Robnik -- Reframing domestic violence : global networks and local activism in postcommunist Central and Eastern Europe / Katalin Fa?bia?n -- The new wave : how transnational feminist networks promote domestic violence reform in postcommunist Europe / Laura Brunell and Janet Elise Johnson -- The European Union, transnational advocacy, and violence against women in postcommunist states / Celeste Montoya -- The promise and perils of international treaties / Olga Avdeyeva. 330 $aDomestic violence has emerged as a significant public policy issue of transnational character and mobilization in the postcommunist era in Europe and Eurasia, as global forces have interacted with the agendas of governments, local and international women s groups, and human rights activists. The result of extensive collaboration among scholars and activist-practitioners many from postcommunist countries this volume examines the development of state policies, changes in public perceptions, and the interaction of national and international politics." 606 $aFamily violence$zEurope 606 $aFamily violence$zAsia 606 $aPost-communism$zEurope 606 $aPost-communism$zAsia 615 0$aFamily violence 615 0$aFamily violence 615 0$aPost-communism 615 0$aPost-communism 676 $a362.8292091717 701 $aFa?bia?n$b Katalin$01869478 801 0$bMiAaPQ 801 1$bMiAaPQ 801 2$bMiAaPQ 906 $aBOOK 912 $a9910974347003321 996 $aDomestic violence in postcommunist states$94477650 997 $aUNINA